Normal view
MARC view
- غزوات النبي- السيرة النبوية
Entry Topical Term
001 - CONTROL NUMBER
- control field: 56436
003 - CONTROL NUMBER IDENTIFIER
- control field: JO-AjAnu
005 - DATE AND TIME OF LATEST TRANSACTION
- control field: 20230606083241.0
008 - FIXED-LENGTH DATA ELEMENTS
- fixed length control field: 230606|| aca||aabn | a|a d
040 ## - CATALOGING SOURCE
- Original cataloging agency: JO-AjAnu
- Transcribing agency: JO-AjAnu
150 ## - HEADING--TOPICAL TERM
- Topical term or geographic name entry element: غزوات النبي- السيرة النبوية
670 ## - SOURCE DATA FOUND
- Source citation: Work cat.: (JO-AjAnu)28798: الشعراوي، محمد متولي, author 56435, غزوات الرسول صلى الله عليه وسلم